000 00892njm a22002657a 4500
005 2010091601121.0
007 sd ammalaaahaa
008 100916t xxu||||| |||| 00| 0 hin d
028 _aECSD. 3006
_bHis Master's Voice
035 _aGR-02929
040 _aSED/VEN
100 _920257
245 _aKirpa mata di /
_h[sound recording] :
260 _aDum Dum India
_bHis Master's Voice
_c1977
300 _a1 sound disc [Gramophone record] :
_banalog, 33 1/3 rpm
_c12 in.
_fGramophone Record
500 _aBrief Record
500 _aHis Master's Voice
500 _aOrange
505 _aSialkot ki dastan part 1, kis rangya dupatta maiya tera part 2
650 _xExcerpts
_zIndia
_920258
_aPunjabi Bhajan
700 _920262
700 _920263
942 _2ddc
_cGR
999 _c46119
_d46119